Electric Feather: (Record no. 190188)

MARC details
000 -LEADER
fixed length control field 00574nam a22001817a 4500
005 - DATE AND TIME OF LATEST TRANSACTION
control field 20220720120253.0
010 ## - LCCN (DPL NO)
LC control number ENG-133547
020 ## - INTERNATIONAL STANDARD BOOK NUMBER
International Standard Book Number 9788189975968
Terms of availability 550.00
035 ## - SYSTEM CONTROL NUMBER
System control number EN-117079
037 ## - SOURCE OF ACQUISITION
Source of stock number/acquisition DBAD/PUB
082 ## - DEWEY DECIMAL CLASSIFICATION NUMBER
Classification number S
245 ## - TITLE STATEMENT
Title Electric Feather:
Remainder of title The Tranquebar Book of Erotic Stories/
Statement of responsibility, etc Edited by Ruchir Joshi
260 ## - PUBLICATION, DISTRIBUTION, ETC. (IMPRINT)
Place of publication, distribution, etc Chennai
Name of publisher, distributor, etc Tranquebar Press
Date of publication, distribution, etc 2013
270 ## - ADDRESS
Address 571, Poonamalle High Road, Kamaraj Bhavan, Ajinijikarai
City Chennai
Postal code 600029
300 ## - PHYSICAL DESCRIPTION
Extent vii, 204p.
Other physical details Acknowledgement
Dimensions 22cm(Hb)
700 ## - ADDED ENTRY--PERSONAL NAME
Personal name Joshi, Ruchir
942 ## - ADDED ENTRY ELEMENTS (KOHA)
Source of classification or shelving scheme Dewey Decimal Classification
Item type English Books
Classification part S
Call number suffix ELE
Holdings
Withdrawn status Lost status Not for loan Collection code Home library Current library Date acquired Source of acquisition Cost, normal purchase price Full call number Barcode Copy number Cost, replacement price Koha item type
      Non-fiction Bawana Bawana 20/07/2022 DBAD/PUB 550.00 S ELE EN-117079 1 550.00 English Books

© Delhi Public Library
Hit Counter
free hit counter